| 000 | 00481 a2200169 4500 | ||
|---|---|---|---|
| 999 |
_c8654 _d8654 |
||
| 020 | _a9780340957172 | ||
| 050 | _aHF5381SUR2005 | ||
| 100 |
_aSurridge , Malcolm _eauthor |
||
| 245 |
_aAQA Business Studies for AS / _cMalcolm Surridge and Andrew Gillespie |
||
| 250 | _a3rd ed | ||
| 264 |
_aLondon: _bHodder education, _c2005 |
||
| 300 | _a287p. : | ||
| 500 | _aincludes index | ||
| 650 | _abusiness studies | ||
| 700 |
_aGillespie Andrew _eauthor |
||
| 942 |
_2lcc _cBK _h5381 _iSUR _kHF |
||